Every Real Madrid Player Since 2000 - Statistics

General Stats
  • This quiz has been taken 1,504 times
  • The average score is 407 of 669
Answer Stats
% Correct
2022/23 CM Croatia Luka Modric 52 6
98%
2021/22 CM Croatia Luka Modric 45 3
98%
2020/21 CM Croatia Luka Modric 48 6
98%
2019/20 CM Croatia Luka Modric 40 5
98%
2018/19 CM Croatia Luka Modric 46 4
98%
2017/18 CM Croatia Luka Modric 43 2
98%
2016/17 CM Croatia Luka Modric 41 1
98%
2015/16 CM Croatia Luka Modric 44 3
98%
2014/15 CM Croatia Luka Modric 25 1
98%
2013/14 CM Croatia Luka Modric 51 2
98%
2012/13 CM Croatia Luka Modric 53 4
98%
2017/18 ST Portugal Cristiano Ronaldo 44 44
97%
2016/17 ST Portugal Cristiano Ronaldo 46 42
97%
2015/16 ST Portugal Cristiano Ronaldo 48 51
97%
2014/15 ST Portugal Cristiano Ronaldo 54 61
97%
2013/14 ST Portugal Cristiano Ronaldo 47 51
97%
2012/13 ST Portugal Cristiano Ronaldo 55 55
97%
2011/12 ST Portugal Cristiano Ronaldo 55 60
97%
2010/11 ST Portugal Cristiano Ronaldo 54 53
97%
2009/10 ST Portugal Cristiano Ronaldo 35 33
97%
2022/23 ST France Karim Benzema 43 31
97%
2021/22 ST France Karim Benzema 46 44
97%
2020/21 ST France Karim Benzema 46 30
97%
2019/20 ST France Karim Benzema 48 27
97%
2018/19 ST France Karim Benzema 53 30
97%
2017/18 ST France Karim Benzema 47 12
97%
2016/17 ST France Karim Benzema 48 19
97%
2015/16 ST France Karim Benzema 36 28
97%
2014/15 ST France Karim Benzema 46 22
97%
2013/14 ST France Karim Benzema 52 24
97%
2012/13 ST France Karim Benzema 50 20
97%
2011/12 ST France Karim Benzema 52 32
97%
2010/11 ST France Karim Benzema 48 26
97%
2009/10 ST France Karim Benzema 33 9
97%
2006/07 ST Brazil Ronaldo 13 4
97%
2005/06 ST Brazil Ronaldo 27 14
97%
2004/05 ST Brazil Ronaldo 45 24
97%
2003/04 ST Brazil Ronaldo 48 31
97%
2002/03 ST Brazil Ronaldo 44 30
97%
2022/23 CM Germany Toni Kroos 52 2
97%
2021/22 CM Germany Toni Kroos 45 3
97%
2020/21 CM Germany Toni Kroos 42 3
97%
2019/20 CM Germany Toni Kroos 45 6
97%
2018/19 CM Germany Toni Kroos 43 1
97%
2017/18 CM Germany Toni Kroos 43 5
97%
2016/17 CM Germany Toni Kroos 48 4
97%
2015/16 CM Germany Toni Kroos 44 1
97%
2014/15 CM Germany Toni Kroos 55 2
97%
2022/23 GK Belgium Thibaut Courtois 49
96%
2021/22 GK Belgium Thibaut Courtois 52
96%
2020/21 GK Belgium Thibaut Courtois 51
96%
2019/20 GK Belgium Thibaut Courtois 43
96%
2018/19 GK Belgium Thibaut Courtois 35
96%
2022/23 LW Brazil Vinicius Junior 55 23
96%
2021/22 LW Brazil Vinicius Junior 52 22
96%
2020/21 LW Brazil Vinicius Junior 49 6
96%
2019/20 LW Brazil Vinicius Junior 38 5
96%
2018/19 LW Brazil Vinicius Junior 31 3
96%
2022/23 RW Brazil Rodrygo 57 19
95%
2021/22 RW Brazil Rodrygo 49 9
95%
2020/21 RW Brazil Rodrygo 33 2
95%
2019/20 RW Brazil Rodrygo 26 7
95%
2022/23 CM Uruguay Federico Valverde 56 12
94%
2021/22 CM Uruguay Federico Valverde 46 1
94%
2020/21 CM Uruguay Federico Valverde 33 3
94%
2019/20 CM Uruguay Federico Valverde 44 2
94%
2018/19 CM Uruguay Federico Valverde 25
94%
2021/22 RW Wales Gareth Bale 7 1
94%
2019/20 RW Wales Gareth Bale 20 3
94%
2018/19 RW Wales Gareth Bale 42 14
94%
2017/18 RW Wales Gareth Bale 39 21
94%
2016/17 RW Wales Gareth Bale 27 9
94%
2015/16 RW Wales Gareth Bale 31 19
94%
2014/15 RW Wales Gareth Bale 48 17
94%
2013/14 RW Wales Gareth Bale 44 22
94%
2021/22 LB Brazil Marcelo 18
94%
2020/21 LB Brazil Marcelo 19
94%
2019/20 LB Brazil Marcelo 23 2
94%
2018/19 LB Brazil Marcelo 34 3
94%
2017/18 LB Brazil Marcelo 44 5
94%
2016/17 LB Brazil Marcelo 47 3
94%
2015/16 LB Brazil Marcelo 41 2
94%
2014/15 LB Brazil Marcelo 53 4
94%
2013/14 LB Brazil Marcelo 39 2
94%
2012/13 LB Brazil Marcelo 19 1
94%
2011/12 LB Brazil Marcelo 44 3
94%
2010/11 LB Brazil Marcelo 50 5
94%
2009/10 LB Brazil Marcelo 43 4
94%
2008/09 LB Brazil Marcelo 34 4
94%
2007/08 LB Brazil Marcelo 32
94%
2006/07 LB Brazil Marcelo 6
94%
2020/21 CB Spain Sergio Ramos 21 4
94%
2019/20 CB Spain Sergio Ramos 44 13
94%
2018/19 CB Spain Sergio Ramos 42 11
94%
2017/18 CB Spain Sergio Ramos 42 5
94%
2016/17 CB Spain Sergio Ramos 44 10
94%
2015/16 CB Spain Sergio Ramos 33 3
94%
2014/15 CB Spain Sergio Ramos 42 7
94%
2013/14 CB Spain Sergio Ramos 51 7
94%
2012/13 CB Spain Sergio Ramos 40 5
94%
2011/12 CB Spain Sergio Ramos 51 4
94%
2010/11 CB Spain Sergio Ramos 46 4
94%
2009/10 CB Spain Sergio Ramos 40 4
94%
2008/09 CB Spain Sergio Ramos 42 6
94%
2007/08 CB Spain Sergio Ramos 45 6
94%
2006/07 CB Spain Sergio Ramos 42 6
94%
2005/06 CB Spain Sergio Ramos 46 6
94%
2022/23 CB Germany Antonio Rudiger 53 2
93%
2022/23 RB Spain Dani Carvajal 45
93%
2021/22 RB Spain Dani Carvajal 36 1
93%
2020/21 RB Spain Dani Carvajal 15
93%
2019/20 RB Spain Dani Carvajal 42 1
93%
2018/19 RB Spain Dani Carvajal 37 1
93%
2017/18 RB Spain Dani Carvajal 41
93%
2016/17 RB Spain Dani Carvajal 41 1
93%
2015/16 RB Spain Dani Carvajal 30 1
93%
2014/15 RB Spain Dani Carvajal 43
93%
2013/14 RB Spain Dani Carvajal 45 2
93%
2017/18 GK Spain Kiko Casilla 17
93%
2016/17 GK Spain Kiko Casilla 19
93%
2015/16 GK Spain Kiko Casilla 7
93%
2022/23 CB Austria David Alaba 39 2
92%
2021/22 CB Austria David Alaba 46 3
92%
2022/23 CM France Eduardo Camavinga 59
92%
2021/22 CM France Eduardo Camavinga 40 2
92%
2022/23 DM Brazil Casemiro 2
91%
2021/22 DM Brazil Casemiro 48 1
91%
2020/21 DM Brazil Casemiro 46 7
91%
2019/20 DM Brazil Casemiro 46 5
91%
2018/19 DM Brazil Casemiro 43 4
91%
2017/18 DM Brazil Casemiro 48 7
91%
2016/17 DM Brazil Casemiro 42 6
91%
2015/16 DM Brazil Casemiro 35 1
91%
2013/14 DM Brazil Casemiro 25
91%
2012/13 DM Brazil Casemiro 1
91%
2014/15 RW Argentina Angel Di Maria 1
90%
2013/14 RW Argentina Angel Di Maria 52 11
90%
2012/13 RW Argentina Angel Di Maria 52 9
90%
2011/12 RW Argentina Angel Di Maria 32 7
90%
2010/11 RW Argentina Angel Di Maria 53 9
90%
2022/23 LW Belgium Eden Hazard 10 1
90%
2021/22 LW Belgium Eden Hazard 23 1
90%
2020/21 LW Belgium Eden Hazard 21 4
90%
2019/20 LW Belgium Eden Hazard 22 1
90%
2022/23 CB Brazil Eder Militao 51 7
90%
2021/22 CB Brazil Eder Militao 50 2
90%
2020/21 CB Brazil Eder Militao 21 2
90%
2019/20 CB Brazil Eder Militao 20
90%
2022/23 DM France Aurelien Tchouameni 50
89%
2016/17 CB Portugal Pepe 18 2
89%
2015/16 CB Portugal Pepe 31 1
89%
2014/15 CB Portugal Pepe 38 2
89%
2013/14 CB Portugal Pepe 48 5
89%
2012/13 CB Portugal Pepe 42 2
89%
2011/12 CB Portugal Pepe 45 1
89%
2010/11 CB Portugal Pepe 38 1
89%
2009/10 CB Portugal Pepe 17 1
89%
2008/09 CB Portugal Pepe 32
89%
2007/08 CB Portugal Pepe 25
89%
2022/23 LB France Ferland Mendy 28
88%
2021/22 LB France Ferland Mendy 35 2
88%
2020/21 LB France Ferland Mendy 38 2
88%
2019/20 LB France Ferland Mendy 32 1
88%
2018/19 GK Costa Rica Keylor Navas 21
88%
2017/18 GK Costa Rica Keylor Navas 44
88%
2016/17 GK Costa Rica Keylor Navas 41
88%
2015/16 GK Costa Rica Keylor Navas 45
88%
2014/15 GK Costa Rica Keylor Navas 11
88%
2020/21 CB France Raphael Varane 41 2
88%
2019/20 CB France Raphael Varane 43 3
88%
2018/19 CB France Raphael Varane 43 2
88%
2017/18 CB France Raphael Varane 44
88%
2016/17 CB France Raphael Varane 39 4
88%
2015/16 CB France Raphael Varane 33
88%
2014/15 CB France Raphael Varane 46 2
88%
2013/14 CB France Raphael Varane 23
88%
2012/13 CB France Raphael Varane 33 2
88%
2011/12 CB France Raphael Varane 15 2
88%
2022/23 GK Ukraine Andriy Lunin 12
87%
2021/22 GK Ukraine Andriy Lunin 4
87%
2020/21 GK Ukraine Andriy Lunin 1
87%
2022/23 RW Spain Marco Asensio 51 12
87%
2021/22 RW Spain Marco Asensio 42 12
87%
2020/21 RW Spain Marco Asensio 48 7
87%
2019/20 RW Spain Marco Asensio 10 3
87%
2018/19 RW Spain Marco Asensio 44 6
87%
2017/18 RW Spain Marco Asensio 53 11
87%
2016/17 RW Spain Marco Asensio 38 10
87%
2019/20 AM Colombia James Rodriguez 14 1
86%
2016/17 AM Colombia James Rodriguez 33 11
86%
2015/16 AM Colombia James Rodriguez 32 8
86%
2014/15 AM Colombia James Rodriguez 46 17
86%
2022/23 CB Spain Nacho Fernandez 44 1
86%
2021/22 CB Spain Nacho Fernandez 42 3
86%
2020/21 CB Spain Nacho Fernandez 33 1
86%
2019/20 CB Spain Nacho Fernandez 10 2
86%
2018/19 CB Spain Nacho Fernandez 30
86%
2017/18 CB Spain Nacho Fernandez 42 4
86%
2016/17 CB Spain Nacho Fernandez 39 3
86%
2015/16 CB Spain Nacho Fernandez 22 1
86%
2014/15 CB Spain Nacho Fernandez 22 1
86%
2013/14 CB Spain Nacho Fernandez 19
86%
2012/13 CB Spain Nacho Fernandez 13
86%
2011/12 CB Spain Nacho Fernandez 1
86%
2010/11 CB Spain Nacho Fernandez 2
86%
2016/17 AM France Enzo Zidane 1 1
85%
2014/15 GK Spain Iker Casillas 47
85%
2013/14 GK Spain Iker Casillas 24
85%
2012/13 GK Spain Iker Casillas 29
85%
2011/12 GK Spain Iker Casillas 53
85%
2010/11 GK Spain Iker Casillas 54
85%
2009/10 GK Spain Iker Casillas 46
85%
2008/09 GK Spain Iker Casillas 47
85%
2007/08 GK Spain Iker Casillas 46
85%
2006/07 GK Spain Iker Casillas 45
85%
2005/06 GK Spain Iker Casillas 48
85%
2004/05 GK Spain Iker Casillas 47
85%
2003/04 GK Spain Iker Casillas 50
85%
2002/03 GK Spain Iker Casillas 55
85%
2001/02 GK Spain Iker Casillas 40
85%
2000/01 GK Spain Iker Casillas 47
85%
2018/19 GK France Luca Zidane 1
85%
2017/18 GK France Luca Zidane 1
85%
2005/06 AM France Zinedine Zidane 38 9
85%
2004/05 AM France Zinedine Zidane 40 6
85%
2003/04 AM France Zinedine Zidane 50 10
85%
2002/03 AM France Zinedine Zidane 50 12
85%
2001/02 AM France Zinedine Zidane 49 12
85%
2021/22 AM Spain Isco 17 2
84%
2020/21 AM Spain Isco 29
84%
2019/20 AM Spain Isco 30 3
84%
2018/19 AM Spain Isco 37 6
84%
2017/18 AM Spain Isco 49 9
84%
2016/17 AM Spain Isco 42 11
84%
2015/16 AM Spain Isco 43 5
84%
2014/15 AM Spain Isco 53 6
84%
2013/14 AM Spain Isco 53 11
84%
2022/23 ST Dominican Republic Mariano Diaz 11
83%
2021/22 ST Dominican Republic Mariano Diaz 11 1
83%
2020/21 ST Dominican Republic Mariano Diaz 22 1
83%
2019/20 ST Dominican Republic Mariano Diaz 7 1
83%
2018/19 ST Dominican Republic Mariano Diaz 19 4
83%
2016/17 ST Dominican Republic Mariano Diaz 14 5
83%
2012/13 ST Argentina Gonzalo Higuain 44 18
82%
2011/12 ST Argentina Gonzalo Higuain 54 26
82%
2010/11 ST Argentina Gonzalo Higuain 25 13
82%
2009/10 ST Argentina Gonzalo Higuain 40 29
82%
2008/09 ST Argentina Gonzalo Higuain 44 24
82%
2007/08 ST Argentina Gonzalo Higuain 34 9
82%
2006/07 ST Argentina Gonzalo Higuain 23 2
82%
2022/23 RB Spain Lucas Vazquez 30 4
82%
2021/22 RB Spain Lucas Vazquez 41 3
82%
2020/21 RB Spain Lucas Vazquez 34 2
82%
2019/20 RB Spain Lucas Vazquez 23 3
82%
2018/19 RB Spain Lucas Vazquez 47 5
82%
2017/18 RB Spain Lucas Vazquez 53 8
82%
2016/17 RB Spain Lucas Vazquez 50 4
82%
2015/16 RB Spain Lucas Vazquez 33 4
82%
2013/14 AM Germany Mesut Ozil 2
82%
2012/13 AM Germany Mesut Ozil 52 10
82%
2011/12 AM Germany Mesut Ozil 52 7
82%
2010/11 AM Germany Mesut Ozil 53 10
82%
2009/10 SS Spain Raul Gonzalez 39 7
82%
2008/09 SS Spain Raul Gonzalez 47 24
82%
2007/08 SS Spain Raul Gonzalez 48 23
82%
2006/07 SS Spain Raul Gonzalez 43 12
82%
2005/06 SS Spain Raul Gonzalez 32 7
82%
2004/05 SS Spain Raul Gonzalez 43 13
82%
2003/04 SS Spain Raul Gonzalez 53 20
82%
2002/03 SS Spain Raul Gonzalez 47 25
82%
2001/02 SS Spain Raul Gonzalez 55 29
82%
2000/01 SS Spain Raul Gonzalez 50 32
82%
2004/05 RW Portugal Luis Figo 43 7
81%
2003/04 RW Portugal Luis Figo 54 13
81%
2002/03 RW Portugal Luis Figo 51 12
81%
2001/02 RW Portugal Luis Figo 47 11
81%
2000/01 RW Portugal Luis Figo 50 14
81%
2006/07 RM England David Beckham 31 4
79%
2005/06 RM England David Beckham 44 5
79%
2004/05 RM England David Beckham 38 4
79%
2003/04 RM England David Beckham 46 7
79%
2020/21 AM Norway Martin Odegaard 9
79%
2016/17 AM Norway Martin Odegaard 1
79%
2014/15 AM Norway Martin Odegaard 1
79%
2014/15 DM Spain Xabi Alonso 2
79%
2013/14 DM Spain Xabi Alonso 42
79%
2012/13 DM Spain Xabi Alonso 47
79%
2011/12 DM Spain Xabi Alonso 52 2
79%
2010/11 DM Spain Xabi Alonso 52 1
79%
2009/10 DM Spain Xabi Alonso 41 3
79%
2006/07 LB Brazil Roberto Carlos 32 3
78%
2005/06 LB Brazil Roberto Carlos 45 6
78%
2004/05 LB Brazil Roberto Carlos 46 4
78%
2003/04 LB Brazil Roberto Carlos 49 9
78%
2002/03 LB Brazil Roberto Carlos 55 7
78%
2001/02 LB Brazil Roberto Carlos 52 6
78%
2000/01 LB Brazil Roberto Carlos 52 10
78%
2016/17 LB Portugal Fabio Coentrao 6
77%
2014/15 LB Portugal Fabio Coentrao 17
77%
2013/14 LB Portugal Fabio Coentrao 20
77%
2012/13 LB Portugal Fabio Coentrao 30 1
77%
2011/12 LB Portugal Fabio Coentrao 33
77%
2021/22 ST Serbia Luka Jovic 19 1
77%
2020/21 ST Serbia Luka Jovic 5
77%
2019/20 ST Serbia Luka Jovic 27 2
77%
2014/15 CM Germany Sami Khedira 17
77%
2013/14 CM Germany Sami Khedira 18 1
77%
2012/13 CM Germany Sami Khedira 44 4
77%
2011/12 CM Germany Sami Khedira 42 4
77%
2010/11 CM Germany Sami Khedira 40
77%
2017/18 CM Croatia Mateo Kovacic 36
76%
2016/17 CM Croatia Mateo Kovacic 39 2
76%
2015/16 CM Croatia Mateo Kovacic 34 1
76%
2015/16 LW Spain Jese Rodriguez 38 6
75%
2014/15 LW Spain Jese Rodriguez 23 4
75%
2013/14 LW Spain Jese Rodriguez 31 8
75%
2011/12 LW Spain Jese Rodriguez 2
75%
2014/15 ST Mexico Javier Hernandez 33 9
74%
2008/09 RW Netherlands Arjen Robben 37 8
73%
2007/08 RW Netherlands Arjen Robben 28 5
73%
2017/18 LB France Theo Hernandez 23
72%
2016/17 ST Spain Alvaro Morata 43 20
71%
2013/14 ST Spain Alvaro Morata 34 9
71%
2012/13 ST Spain Alvaro Morata 15 2
71%
2011/12 ST Spain Alvaro Morata 1
71%
2010/11 ST Spain Alvaro Morata 2
71%
2019/20 AM Spain Brahim Diaz 10 1
70%
2018/19 AM Spain Brahim Diaz 11 1
70%
2022/23 CM Spain Dani Ceballos 46 1
70%
2021/22 CM Spain Dani Ceballos 18
70%
2018/19 CM Spain Dani Ceballos 34 3
70%
2017/18 CM Spain Dani Ceballos 22 2
70%
2012/13 AM Brazil Kaka 27 5
70%
2011/12 AM Brazil Kaka 40 8
70%
2010/11 AM Brazil Kaka 20 7
70%
2009/10 AM Brazil Kaka 33 9
70%
2009/10 LB Spain Marcos Alonso 1
70%
2017/18 RB Morocco Achraf Hakimi 17 2
69%
2015/16 RB Spain Alvaro Arbeloa 9
67%
2014/15 RB Spain Alvaro Arbeloa 35 2
67%
2013/14 RB Spain Alvaro Arbeloa 30 1
67%
2012/13 RB Spain Alvaro Arbeloa 41
67%
2011/12 RB Spain Alvaro Arbeloa 38
67%
2010/11 RB Spain Alvaro Arbeloa 43 1
67%
2009/10 RB Spain Alvaro Arbeloa 38 2
67%
2004/05 RB Spain Alvaro Arbeloa 4
67%
2008/09 CB Italy Fabio Cannavaro 37
67%
2007/08 CB Italy Fabio Cannavaro 42 1
67%
2006/07 CB Italy Fabio Cannavaro 39
67%
2009/10 ST Netherlands Ruud van Nistelrooy 4 1
67%
2008/09 ST Netherlands Ruud van Nistelrooy 12 10
67%
2007/08 ST Netherlands Ruud van Nistelrooy 33 20
67%
2006/07 ST Netherlands Ruud van Nistelrooy 47 33
67%
2002/03 CB Spain Fernando Hierro 38 1
65%
2001/02 CB Spain Fernando Hierro 49 5
65%
2000/01 CB Spain Fernando Hierro 43 6
65%
2009/10 CM Spain Guti 30 3
65%
2008/09 CM Spain Guti 27 3
65%
2007/08 CM Spain Guti 45 4
65%
2006/07 CM Spain Guti 37 1
65%
2005/06 CM Spain Guti 44 6
65%
2004/05 CM Spain Guti 39
65%
2003/04 CM Spain Guti 45 3
65%
2002/03 CM Spain Guti 54 13
65%
2001/02 CM Spain Guti 46 13
65%
2000/01 CM Spain Guti 46 18
65%
2012/13 CB Portugal Ricardo Carvalho 16
65%
2011/12 CB Portugal Ricardo Carvalho 13
65%
2010/11 CB Portugal Ricardo Carvalho 48 3
65%
2022/23 ST Uruguay Alvaro Rodriguez 8 1
64%
2003/04 DM France Claude Makelele 1
62%
2002/03 DM France Claude Makelele 42
62%
2001/02 DM France Claude Makelele 53 1
62%
2000/01 DM France Claude Makelele 49 1
62%
2013/14 GK Spain Diego Lopez 37
62%
2012/13 GK Spain Diego Lopez 25
62%
2006/07 GK Spain Diego Lopez 5
62%
2005/06 GK Spain Diego Lopez 6
62%
2012/13 DM France Lassana Diarra 2
61%
2011/12 DM France Lassana Diarra 25
61%
2010/11 DM France Lassana Diarra 38
61%
2009/10 DM France Lassana Diarra 30 1
61%
2008/09 DM France Lassana Diarra 21
61%
2017/18 AM Spain Oscar Rodriguez 1
61%
2008/09 LW Brazil Robinho 1
61%
2007/08 LW Brazil Robinho 42 15
61%
2006/07 LW Brazil Robinho 43 8
61%
2005/06 LW Brazil Robinho 51 12
61%
2018/19 LB Spain Fran Garcia 1
60%
2012/13 CM Spain Jose Rodriguez 4 1
60%
2010/11 DM Mali Mahamadou Diarra 9
60%
2009/10 DM Mali Mahamadou Diarra 20
60%
2008/09 DM Mali Mahamadou Diarra 15
60%
2007/08 DM Mali Mahamadou Diarra 38
60%
2006/07 DM Mali Mahamadou Diarra 44 4
60%
2012/13 DM Ghana Michael Essien 35 2
59%
2004/05 ST England Michael Owen 45 16
59%
2008/09 AM Netherlands Wesley Sneijder 28 2
59%
2007/08 AM Netherlands Wesley Sneijder 38 9
59%
2010/11 ST Togo Emmanuel Adebayor 22 8
58%
2003/04 CM Spain Jordi Lopez 5
57%
2019/20 GK France Alphonse Areola 9
55%
2008/09 DM Spain Javi Garcia 21
55%
2006/07 DM Spain Javi Garcia 3
55%
2005/06 DM Spain Javi Garcia 1
55%
2004/05 DM Spain Javi Garcia 7
55%
2002/03 CM Spain Luis Garcia 1
55%
2005/06 DM Uruguay Pablo Garcia 26
55%
2022/23 CB Spain Jesus Vallejo 4
54%
2021/22 CB Spain Jesus Vallejo 8
54%
2018/19 CB Spain Jesus Vallejo 7 1
54%
2017/18 CB Spain Jesus Vallejo 12
54%
2013/14 ST Brazil Willian Jose 1
53%
2010/11 GK Poland Jerzy Dudek 2
52%
2009/10 GK Poland Jerzy Dudek 2
52%
2008/09 GK Poland Jerzy Dudek 3
52%
2007/08 GK Poland Jerzy Dudek 5
52%
2012/13 CB Spain Raul Albiol 26 1
51%
2011/12 CB Spain Raul Albiol 17
51%
2010/11 CB Spain Raul Albiol 32
51%
2009/10 CB Spain Raul Albiol 43 1
51%
2009/10 AM Netherlands Rafael van der Vaart 31 7
50%
2008/09 AM Netherlands Rafael van der Vaart 42 5
50%
2016/17 CB Brazil Danilo 25 1
49%
2015/16 CB Brazil Danilo 31 2
49%
2004/05 ST Spain Fernando Morientes 21 3
49%
2003/04 ST Spain Fernando Morientes 1
49%
2002/03 ST Spain Fernando Morientes 28 6
49%
2001/02 ST Spain Fernando Morientes 51 21
49%
2000/01 ST Spain Fernando Morientes 32 10
49%
2011/12 ST Spain Joselu 1 1
47%
2010/11 ST Spain Joselu 1 1
47%
2002/03 RM England Steve McManaman 27 4
47%
2001/02 RM England Steve McManaman 41 4
47%
2000/01 RM England Steve McManaman 40 2
47%
2008/09 RB Spain Michel Salgado 13
45%
2007/08 RB Spain Michel Salgado 14
45%
2006/07 RB Spain Michel Salgado 17
45%
2005/06 RB Spain Michel Salgado 35
45%
2004/05 RB Spain Michel Salgado 40 2
45%
2003/04 RB Spain Michel Salgado 54 1
45%
2002/03 RB Spain Michel Salgado 52 1
45%
2001/02 RB Spain Michel Salgado 56
45%
2000/01 RB Spain Michel Salgado 39 1
45%
2014/15 DM Spain Asier Illarramendi 41
44%
2013/14 DM Spain Asier Illarramendi 49 3
44%
2022/23 RB Spain Alvaro Odriozola 6
43%
2020/21 RB Spain Alvaro Odriozola 16 2
43%
2019/20 RB Spain Alvaro Odriozola 5
43%
2018/19 RB Spain Alvaro Odriozola 22 1
43%
2010/11 DM Argentina Fernando Gago 7
43%
2009/10 DM Argentina Fernando Gago 22
43%
2008/09 DM Argentina Fernando Gago 33 1
43%
2007/08 DM Argentina Fernando Gago 42
43%
2006/07 DM Argentina Fernando Gago 17
43%
2014/15 CB Spain Diego Llorente 1
41%
2013/14 CB Spain Diego Llorente 1
41%
2012/13 CB Spain Diego Llorente 1
41%
2012/13 RW Spain Jose Callejon 41 7
41%
2011/12 RW Spain Jose Callejon 36 13
41%
2018/19 CM Spain Marcos Llorente 16 2
41%
2017/18 CM Spain Marcos Llorente 20
41%
2015/16 CM Spain Marcos Llorente 3
41%
2015/16 LW Russia Denis Cheryshev 6 1
40%
2012/13 LW Russia Denis Cheryshev 1
40%
2006/07 CB Spain Ivan Helguera 30 1
40%
2005/06 CB Spain Ivan Helguera 27 1
40%
2004/05 CB Spain Ivan Helguera 45 4
40%
2003/04 CB Spain Ivan Helguera 45 3
40%
2002/03 CB Spain Ivan Helguera 51 6
40%
2001/02 CB Spain Ivan Helguera 44 5
40%
2000/01 CB Spain Ivan Helguera 49 11
40%
2014/15 DM Brazil Lucas Silva 9
40%
2011/12 DM Turkey Nuri Sahin 10 1
40%
2012/13 GK Spain Jesus Fernandez 1
39%
2010/11 GK Spain Jesus Fernandez 1
39%
2012/13 AM Spain Alex Fernandez 1
38%
2010/11 AM Spain Alex Fernandez 1
38%
2004/05 DM Spain Borja Fernandez 10
38%
2003/04 DM Spain Borja Fernandez 24
38%
2002/03 DM Spain Borja Fernandez 1
38%
2001/02 DM Spain Borja Fernandez 3
38%
2008/09 CB Argentina Gabriel Heinze 34 2
38%
2007/08 CB Argentina Gabriel Heinze 26 1
38%
2008/09 ST Netherlands Klaas-Jan Huntelaar 20 8
38%
2011/12 RM Turkey Hamit Altintop 12 1
37%
2009/10 LW Netherlands Royston Drenthe 11 1
37%
2008/09 LW Netherlands Royston Drenthe 28
37%
2007/08 LW Netherlands Royston Drenthe 26 3
37%
2001/02 LW Brazil Savio 14 3
36%
2000/01 LW Brazil Savio 40 5
36%
2004/05 RB Spain Juanfran Torres 3
35%
2003/04 RB Spain Juanfran Torres 8
35%
2001/02 GK Spain Carlos Sanchez 2
34%
2004/05 GK Spain Cesar Sanchez 6
34%
2003/04 GK Spain Cesar Sanchez 9
34%
2002/03 GK Spain Cesar Sanchez 7
34%
2001/02 GK Spain Cesar Sanchez 26
34%
2000/01 GK Spain Cesar Sanchez 11
34%
2018/19 CB Spain Javi Sanchez 5 1
34%
2011/12 CM Spain Esteban Granero 28
33%
2010/11 CM Spain Esteban Granero 32 2
33%
2009/10 CM Spain Esteban Granero 36 3
33%
2008/09 CM Spain Ruben de la Red 11 2
33%
2006/07 CM Spain Ruben de la Red 10 1
33%
2005/06 CM Spain Ruben de la Red 5
33%
2004/05 CM Spain Ruben de la Red 1
33%
2003/04 DM Argentina Esteban Cambiasso 28 1
32%
2002/03 DM Argentina Esteban Cambiasso 39
32%
2010/11 CB Argentina Ezequiel Garay 8
31%
2009/10 CB Argentina Ezequiel Garay 23 1
31%
2008/09 SS Argentina Javier Saviola 14 2
31%
2007/08 SS Argentina Javier Saviola 17 3
31%
2005/06 DM Denmark Thomas Gravesen 29
31%
2004/05 DM Denmark Thomas Gravesen 20 1
31%
2004/05 CB Argentina Walter Samuel 40 2
31%
2006/07 SS Italy Antonio Cassano 12 2
30%
2005/06 SS Italy Antonio Cassano 17 2
30%
2020/21 ST Spain Borja Mayoral 2
30%
2018/19 ST Spain Borja Mayoral 1
30%
2017/18 ST Spain Borja Mayoral 24 7
30%
2015/16 ST Spain Borja Mayoral 6
30%
2008/09 RB Spain Miguel Torres 17
30%
2007/08 RB Spain Miguel Torres 28
30%
2006/07 RB Spain Miguel Torres 25
30%
2004/05 LM Argentina Santiago Solari 34 5
30%
2003/04 LM Argentina Santiago Solari 53 9
30%
2002/03 LM Argentina Santiago Solari 43 1
30%
2001/02 LM Argentina Santiago Solari 53 5
30%
2000/01 LM Argentina Santiago Solari 25 2
30%
2009/10 CB Germany Christoph Metzelder 3
29%
2008/09 CB Germany Christoph Metzelder 15
29%
2007/08 CB Germany Christoph Metzelder 13
29%
2012/13 GK Spain Antonio Adan 8
27%
2011/12 GK Spain Antonio Adan 5
27%
2010/11 GK Portugal Antonio Adan 5
27%
2012/13 DM Brazil Fabinho 1
27%
2005/06 CB England Jonathan Woodgate 14 1
27%
2007/08 AM Brazil Julio Baptista 33 4
26%
2005/06 AM Brazil Julio Baptista 45 9
26%
2022/23 DM Spain Mario Martin 1
26%
2021/22 RW Dominican Republic Peter Gonzalez 3
26%
2018/19 LB Spain Sergio Reguilon 22
26%
2005/06 AM Spain Adrian Martin 1
25%
2018/19 ST Spain Cristo Gonzalez 4 1
25%
2003/04 CB Spain Ruben Gonzalez 5
25%
2002/03 CB Spain Ruben Gonzalez 6
25%
2001/02 CB Spain Ruben Gonzalez 4
25%
2000/01 CB Spain Ruben Gonzalez 1
25%
2006/07 CB Spain Raul Bravo 13
24%
2005/06 CB Spain Raul Bravo 22 2
24%
2004/05 CB Spain Raul Bravo 21
24%
2003/04 CB Spain Raul Bravo 52 1
24%
2002/03 CB Spain Raul Bravo 10 1
24%
2001/02 CB Spain Raul Bravo 14
24%
2006/07 DM Brazil Emerson 34 1
22%
2007/08 ST Spain Roberto Soldado 8
22%
2005/06 ST Spain Roberto Soldado 17 4
22%
2004/05 ST Spain Roberto Soldado 2
22%
2006/07 CB Spain Francisco Pavon 2
21%
2005/06 CB Spain Francisco Pavon 14
21%
2004/05 CB Spain Francisco Pavon 27 1
21%
2003/04 CB Spain Francisco Pavon 39 1
21%
2002/03 CB Spain Francisco Pavon 39
21%
2001/02 CB Spain Francisco Pavon 45 1
21%
2000/01 CB Spain Francisco Pavon 1
21%
2021/22 LB Spain Miguel Gutierrez 4
21%
2020/21 LB Spain Miguel Gutierrez 6
21%
2010/11 RW Spain Pedro Leon 14 2
21%
2006/07 RB Brazil Cicinho 8
20%
2005/06 RB Brazil Cicinho 24 3
20%
2010/11 RB Spain Juanfran Moreno 1
19%
2009/10 RB Spain Juanfran Moreno 1
19%
2006/07 RW Spain Jose Antonio Reyes 38 7
18%
2000/01 CB Spain Manolo Sanchis 9
18%
2001/02 CB Spain Aitor Karanka 29
17%
2000/01 CB Spain Aitor Karanka 47
17%
2000/01 CB Brazil Julio Cesar 1
17%
2001/02 RM Cameroon Geremi Njitap 16 1
16%
2000/01 RM Cameroon Geremi Njitap 26
16%
2010/11 AM Spain Sergio Canales 15
16%
2002/03 CM Brazil Flavio Conceicao 32 1
15%
2001/02 CM Brazil Flavio Conceicao 22 1
15%
2000/01 CM Brazil Flavio Conceicao 20
15%
2022/23 AM Spain Sergio Arribas 4 1
15%
2020/21 AM Spain Sergio Arribas 10
15%
2004/05 LW Spain Alex Perez 1
14%
2002/03 LW Spain Alex Perez 1
14%
2021/22 DM Spain Antonio Blanco 2
14%
2020/21 DM Spain Antonio Blanco 4
14%
2008/09 CM Spain Dani Parejo 5
14%
2007/08 RW Equatorial Guinea Javier Balboa 11 2
14%
2005/06 RW Equatorial Guinea Javier Balboa 4
14%
2004/05 AM Spain Jotha Perez 1
14%
2001/02 DM Spain Ivan Campo 5
13%
2000/01 DM Spain Ivan Campo 17
13%
2004/05 ST Spain Javier Portillo 4
13%
2003/04 ST Spain Javier Portillo 30 2
13%
2002/03 ST Spain Javier Portillo 24 14
13%
2001/02 ST Spain Javier Portillo 1 1
13%
2008/09 RB France Julien Faubert 2
13%
2015/16 CB Austria Philipp Lienhart 1
13%
2006/07 CB Spain Alvaro Mejia 13
11%
2005/06 CB Spain Alvaro Mejia 22 1
11%
2004/05 CB Spain Alvaro Mejia 8
11%
2003/04 CB Spain Alvaro Mejia 14
11%
2014/15 ST Spain Raul de Tomas 1
11%
2014/15 GK Spain Fernando Pacheco 1
10%
2011/12 GK Spain Fernando Pacheco 1
10%
2001/02 SS Spain Pedro Munitis 39 3
10%
2000/01 SS Spain Pedro Munitis 42 2
10%
2004/05 DM Spain Albert Celades 32
9%
2002/03 DM Spain Albert Celades 13 2
9%
2001/02 DM Spain Albert Celades 28 2
9%
2000/01 DM Spain Albert Celades 28 1
9%
2011/12 CB Portugal Pedro Mendes 1
9%
2016/17 GK Spain Ruben Yanez 1
9%
2003/04 RW Spain Antonio Nunez 15 1
8%
2005/06 RB Uruguay Carlos Diogo 19
8%
2010/11 RW Spain Pablo Sarabia 1
8%
2021/22 RB Spain Sergio Santos 1
8%
2020/21 CB Spain Victor Chust 3
8%
2014/15 CM Spain Alvaro Medran 5 1
7%
2006/07 CM Spain Borja Valero 2
7%
2021/22 ST Spain Juanmi Latasa 1
7%
2020/21 RW Spain Marvin Park 4
7%
2003/04 RB Spain Oscar Minambres 3
7%
2002/03 RB Spain Oscar Minambres 24
7%
2001/02 RB Spain Oscar Minambres 9
7%
2000/01 RB Spain Oscar Minambres 1
7%
2017/18 RB Spain Alvaro Tejero 2
6%
2016/17 RB Spain Alvaro Tejero 2
6%
2015/16 RB Spain Alvaro Tejero 1
6%
2020/21 ST Spain Hugo Duro 3
6%
2014/15 CM Spain Javi Munoz 1
6%
2007/08 GK Spain Jordi Codina 1
6%
2012/13 DM Spain Omar Mascarell 1
6%
2002/03 RW Cape Verde Valdo 1
6%
2001/02 RW Cape Verde Valdo 3
6%
2001/02 LW Bosnia Elvir Baljic 1
5%
2005/06 AM Spain Jose Manuel Jurado 4
5%
2004/05 AM Spain Jose Manuel Jurado 2
5%
2021/22 CB Spain Mario Gila 2
5%
2010/11 GK Spain Tomas Mejias 1
5%
2002/03 ST Spain Tote 6 6
5%
2000/01 ST Spain Tote 7
5%
2008/09 SS Spain Alberto Bueno 6 1
4%
2001/02 CM Spain Alberto Rivera 2
4%
2000/01 CM Spain Alberto Rivera 6
4%
2017/18 RW Argentina Francisco Feuillassier 2
4%
2004/05 LB Spain Javier Paredes 1
4%
2003/04 LB Spain Javier Paredes 1
4%
2011/12 CB Spain Jorge Casado 1
4%
2017/18 LB Dominican Republic Luismi Quezada 1
4%
2008/09 AM Spain Miguel Palanca 3
4%
2009/10 CM Spain Pedro Mosquera 1
4%
2018/19 CM Spain Alvaro Fidalgo 1
3%
2001/02 ST Spain Carlos Aranda 1
3%
2010/11 CB Spain David Mateos 2
3%
2000/01 LB Spain Enrique Corrales 1
3%
2008/09 CB Uruguay Gary Kagelmacher 1
3%
2017/18 CM Spain Jaime Seoane 1
3%
2003/04 CB Spain Juan Jose Olalla 1
3%
2002/03 CB Spain Juan Jose Olalla 1
3%
2010/11 LB Spain Juankar 1
3%
2008/09 DM Spain Marcos Tebar 1
3%
2006/07 LW Spain Miguel Angel Nieto 4
3%
2003/04 ST Spain Riki 1
3%
2004/05 RB Spain Miguel Palencia 2
2%
No matching quizzes found
Score Distribution
Percent of People with Each Score
Percentile by Number Answered
Your Score History
You have not taken this quiz